Online
Catalog

La guerra de los 6 años / (Record no. 49884)

MARC details
000 -CABECERA
campo de control de longitud fija 01454nam a2200265 i 4500
003 - IDENTIFICADOR DEL NÚMERO DE CONTROL
campo de control DO-SdBNP
005 - FECHA Y HORA DE LA ÚLTIMA TRANSACCIÓN
campo de control 20250401135741.0
007 - CAMPO FIJO DE DESCRIPCIÓN FÍSICA--INFORMACIÓN GENERAL
campo de control de longitud fija ta
008 - DATOS DE LONGITUD FIJA--INFORMACIÓN GENERAL
campo de control de longitud fija 210607b2000 dr ac 00| 0 eng dspa d
020 ## - NÚMERO INTERNACIONAL ESTÁNDAR DEL LIBRO
Número Internacional Estándar del Libro 9789993467489
040 ## - FUENTE DE LA CATALOGACIÓN
Centro catalogador/agencia de origen DO-SdBNP
Lengua de catalogación spa
Centro/agencia transcriptor BNPHU
Normas de descripción rda
082 #4 - NÚMERO DE LA CLASIFICACIÓN DECIMAL DEWEY
Número de documento/Ítem C436g
Número de edición 22
100 1# - ENTRADA PRINCIPAL--NOMBRE DE PERSONA
Nombre de persona Chaljub Mejía, Rafael
Fechas asociadas al nombre 1942-
Término indicativo de función/relación autor
9 (RLIN) 18985
245 13 - MENCIÓN DE TÍTULO
Título La guerra de los 6 años /
Mención de responsabilidad, etc. Rafael Chaljub Mejía ; corrección, Édison Núñez ; índice onomástico, Paola Chaljub
264 ## - PRODUCCIÓN, PUBLICACIÓN, DISTRIBUCIÓN, FABRICACIÓN Y COPYRIGHT
Producción, publicación, distribución, fabricación y copyright Santo Domingo :
Nombre del de productor, editor, distribuidor, fabricante Amigo del Hogar,
Fecha de producción, publicación, distribución, fabricación o copyright 2008.
300 ## - DESCRIPCIÓN FÍSICA
Extensión 290 paginas ;
Otras características físicas ilustraciones, retratos ;
Dimensiones 23 cm.
336 ## - TIPO DE CONTENIDO
Fuente rdacontent
Término de tipo de contenido texto
Código de tipo de contenido txt
337 ## - TIPO DE MEDIO
Fuente rdamedia
Nombre/término del tipo de medio sin mediación
Código del tipo de medio n
338 ## - TIPO DE SOPORTE
Fuente rdacarrier
Nombre/término del tipo de soporte volumen
Código del tipo de soporte nc
500 ## - NOTA GENERAL
Nota general Incluye datos biográficos del autor en la solapa de la contracubierta e Incluye índice onomástico
505 2# - NOTA DE CONTENIDO CON FORMATO
Nota de contenido con formato Presentación /
Mención de responsabilidad Ramón Rivas
Título Introducción /
Mención de responsabilidad Rafael Chaljub Mejía --
Título Buenaventura Báez --
-- La dictadura en acción --
-- Las reacciones --
-- Cabral y Luperón --
-- Grant a la carga --
-- La guerra nacional en marcha --
-- El presidente Grant vuelve a la carga --
-- La entrega de Salnave --
-- Ejecución del poeta Manuel Rodríguez Objío --
-- La muerte del general Andres Ogando --
-- Pionero del terrorismo y la guerra sucia --
-- Por cuales causas se estancó la guerra --
-- La descomposición y el fin de la dictadura.
590 ## - NOTA LOCAL (RLIN)
Nota local Inventariado, 2021 /LP<br/><br/>
910 ## - DATOS DE OPCIÓN DEL USUARIO (OCLC)
Datos de opción del usuario Lopérez
942 ## - ELEMENTOS DE PUNTO DE ACCESO ADICIONAL (KOHA)
Fuente del sistema de clasificación o colocación Dewey Decimal Classification
Tipo de ítem Koha Libro
Holdings
Estado de retiro Estado de pérdida Fuente del sistema de clasificación o colocación Restricciones de uso No para préstamo Código de colección Localización permanente Ubicación/localización actual Ubicación en estantería Fecha de adquisición Fuente de adquisición Total de préstamos Signatura topográfica completa Código de barras Fecha visto por última vez Precio válido a partir de Tipo de ítem Koha Número de copia Nota pública
    Dewey Decimal Classification Excluido de préstamo   Patrimonio Dominicano Biblioteca Nacional Pedro Henríquez Ureña Biblioteca Nacional Pedro Henríquez Ureña En catalogación 07.06.2021 Donado por CERTV   BNPHU PD 2021-1942 07.06.2021 07.06.2021 Libro    
    Dewey Decimal Classification Excluido de préstamo   Patrimonio Dominicano Biblioteca Nacional Pedro Henríquez Ureña Biblioteca Nacional Pedro Henríquez Ureña En catalogación 23.05.2023     BNPHU PD 2023-2027 23.05.2023 23.05.2023 Libro e.2  
    Dewey Decimal Classification Préstamo en sala   Patrimonio Dominicano Biblioteca Nacional Pedro Henríquez Ureña Biblioteca Nacional Pedro Henríquez Ureña En catalogación 24.05.2024 Donación   BNPHU DS 2024-3134 24.05.2024 24.05.2024 Libro e.3 Perteneció a la biblioteca personal de Emilio Cordero Michel.

Powered by Koha